| 000 -CABECERA |
| fixed length control field |
00917nam a22002057a 4500 |
| 003 - IDENTIFICADOR DEL NÚMERO DE CONTROL |
| control field |
AR-CdUCM |
| 008 - DATOS DE LONGITUD FIJA--INFORMACIÓN GENERAL |
| fixed length control field |
190306b ||||| |||| 00| 0 spa d |
| 040 ## - FUENTE DE LA CATALOGACIÓN |
| Agencia/entidad que catalogó originalmente la obra |
MUNICIPALIDAD PROVINCIAL DEL CUSCO |
| Entidad que transcribió la catalogación |
BIBLIOTECA MUNICIPAL DEL CUSCO |
| 082 ## - NÚMERO DE LA CLASIFICACIÓN DECIMAL DEWEY |
| No. de la edición |
11ed. |
| No. de Clasificación |
465 / |
| Notacion interna |
P953 |
| 100 ## - ENTRADA PRINCIPAL--NOMBRE DE PERSONA |
| Nombre Personal |
Primitivo, Sanmartí |
| 245 ## - MENCIÓN DE TÍTULO |
| Título |
Compendio de la gramática castellana / |
| 260 ## - PUBLICACIÓN, DISTRIBUCIÓN, ETC. |
| Lugar de publicación, distribución, etc. |
Lima : |
| Nombre de la editorial, distribuidor, etc. |
Imprenta de san Pedro, |
| Fecha de publicación, distribución, etc. |
1900. |
| 300 ## - DESCRIPCIÓN FÍSICA |
| Nº de Páginas Extensión |
499 paginas , |
| Dimensiones |
16 cm. |
| 505 ## - NOTA DE CONTENIDO CON FORMATO |
| Nota de contenido formateada |
De la prosodia en general -- Signos y sonidos , vocales escala orgánica gradual consonantes aspiradas -- División de las silabas, denominación de las palabras según su numero de silabas -- Silabas largas y breves -- Diferencia entre el sustantivo y el adjetivo -- Conjugación del verbo... |
| 650 ## - PUNTO DE ACCESO ADICIONAL DE MATERIA--TÉRMINO DE MATERIA |
| Descriptor |
Gramatica |
| 9 (RLIN) |
9175 |
| 650 ## - PUNTO DE ACCESO ADICIONAL DE MATERIA--TÉRMINO DE MATERIA |
| Descriptor |
Fonemas y morfemas |
| 9 (RLIN) |
11352 |
| 650 ## - PUNTO DE ACCESO ADICIONAL DE MATERIA--TÉRMINO DE MATERIA |
| Descriptor |
Sustantivos y verbos |
| 9 (RLIN) |
11353 |
| 942 ## - ELEMENTOS DE PUNTO DE ACCESO ADICIONAL (KOHA) |
| Fuente de clasificación |
|
| Tipo de item |
Libros-BMC |
| 945 ## - PROCESAMIENTO DE INFORMACIÓN LOCAL (OCLC) |
| Catalogador |
wnts |